000 01474cam a22004097a 4500
003 CHAP
005 20220329142111.0
008 990624s1997 mx a r 00010 eng d
010 _a78430
011 _a79402
035 _a89630
040 _cCHAP
090 _aFolleto 15405
100 0 0 _aErenstein, Olaf C.A.
_937289
245 1 4 _aThe adoption of conservation tillage in a hillside maize production system in Motozintla, Chiapas
_c/by Olaf Erenstein and Pedro Cadena Iñiguez
260 _aMéxico, D.F. :
_bCentro Internacional de Mejoramiento de Maíz y Trigo,
_c1997
300 _a51 p. :
_bilus., gráfs., mapa
410 2 1 _aCIMMYT. Grupo de recursos naturales
490 0 _aDocumento
_v; 97-01
590 _aBATCH-UPD
_b10
_c20130110
_lUCH01
_h0655
590 _aBATCH-UPD
_b10
_c20130110
_lUCH01
_h2347
590 _aBATCH-UPD
_b10
_c20130410
_lUCH01
_h0340
590 _aBATCH-UPD
_b10
_c20130914
_lUCH01
_h0939
590 _aCONVERSION
_b10
_c20130109
_lUCH01
_h1343
650 1 4 _aCultivos asociados.
_930370
650 1 4 _aFrijol
_zChiapas.
_943455
650 1 4 _aLabranza de conservación.
_964308
650 1 4 _aMaíz
_zChiapas.
_971091
650 1 4 _aSistemas de cultivo.
_9106746
700 0 _aCadena Iñiguez, Pedro.
_917048
810 0 0 _aCIMMYT. Grupo de recursos naturales
_923313
830 0 _aDocumento
_v; 97-01
_933191
901 _aBK
905 _aAlejandra Carrasco M.
942 _cFOLL
949 _aFolleto 15405
_bBC
_cFOLL
_d896301
_eTS1
_i89630
_sb
999 _c78430
_d78430